书目信息 |
| 题名: |
马云创业公开课
|
|
| 作者: | 张俊杰 著 | |
| 分册: | ||
| 出版信息: | 北京 企业管理出版社 2015 |
|
| 页数: | 295页 | |
| 开本: | 24cm | |
| 丛书名: | ||
| 单 册: | ||
| 中图分类: | F724.6 | |
| 科图分类: | ||
| 主题词: | 电子商务--商业企业管理--经验--中国 | |
| 电子资源: | ||
| ISBN: | 978-7-5164-1060-8 | |
| 000 | 01581nam0 2200229 450 | |
| 001 | 012001003033 | |
| 005 | 20140926114739.0 | |
| 010 | @a978-7-5164-1060-8@dCNY39.80 | |
| 100 | @a20151101d2015 em y0chiy50 ea | |
| 101 | 0 | @achi |
| 102 | @aCN@b110000 | |
| 105 | @ay z 000yy | |
| 106 | @ar | |
| 200 | 1 | @a马云创业公开课@9ma yun chuang ye gong kai ke@f张俊杰著 |
| 210 | @a北京@c企业管理出版社@d2015 | |
| 215 | @a295页@d24cm | |
| 330 | @a没有雄厚的资金力量,创业能成功吗?没有四通八达的人脉关系网,能有生意做吗?没有官二代、富二代的强大背景,草根也能创业吗?有人说21世纪的中国是一个“拼爹”的时代,虽然雄厚的家庭背景、发达的人际关系能够给“创业”带来很多裨益,但白手起家未必会输。从老老实实教书的英语教师,到下海搏击互联网商场冲浪,再到中国互联网行业的巨鳄大亨,马云绝对有资格评说创业中的“关系”。“关系特别不可靠,做生意不能凭关系,做生意也不能凭小聪明。”马云不聪明,但他成功了;马云没背景,但他成功了;马云做生意没凭关系,但他也成功了......这一切足以说明,“拼爹”才能成功本身就是一个伪命题。十几年,弹指一挥间,不仅互联网行业发生了翻天覆地的巨变,也让我们看到了马云十几年坚守的那份执着与殚精竭虑。马云为什么能成功?可能有一千零一个原因,但是最根本的一点是他坚定目标后的那份坚持,并完成了一万个小时的持续努力。本书深度剖析马云成功背后的原因,从第一课的“生存哲学”到第二课的“云式创业新法”,再到第十二课的“成功准则”,只要十二课就能洞悉创业成功的密籍,相信本书会给你的创业之路带来不少切切实实有用的指导和建议。 | |
| 606 | 0 | @a电子商务@x商业企业管理@x经验@y中国 |
| 690 | @aF724.6@v5 | |
| 701 | 0 | @a张俊杰@9zhang jun jie@4著 |
| 801 | 0 | @aCN@b上海新华@c20180901 |
| 905 | @b1153878-82@dF724.6@e108@f5 | |
| 马云创业公开课/张俊杰著.-北京:企业管理出版社,2015 |
| 295页;24cm |
| ISBN 978-7-5164-1060-8:CNY39.80 |
| 没有雄厚的资金力量,创业能成功吗?没有四通八达的人脉关系网,能有生意做吗?没有官二代、富二代的强大背景,草根也能创业吗?有人说21世纪的中国是一个“拼爹”的时代,虽然雄厚的家庭背景、发达的人际关系能够给“创业”带来很多裨益,但白手起家未必会输。从老老实实教书的英语教师,到下海搏击互联网商场冲浪,再到中国互联网行业的巨鳄大亨,马云绝对有资格评说创业中的“关系”。“关系特别不可靠,做生意不能凭关系,做生意也不能凭小聪明。”马云不聪明,但他成功了;马云没背景,但他成功了;马云做生意没凭关系,但他也成功了......这一切足以说明,“拼爹”才能成功本身就是一个伪命题。十几年,弹指一挥间,不仅互联网行业发生了翻天覆地的巨变,也让我们看到了马云十几年坚守的那份执着与殚精竭虑。马云为什么能成功?可能有一千零一个原因,但是最根本的一点是他坚定目标后的那份坚持,并完成了一万个小时的持续努力。本书深度剖析马云成功背后的原因,从第一课的“生存哲学”到第二课的“云式创业新法”,再到第十二课的“成功准则”,只要十二课就能洞悉创业成功的密籍,相信本书会给你的创业之路带来不少切切实实有用的指导和建议。 |
| ● |
| 相关链接 |
|
|
|
|
正题名:马云创业公开课
索取号:F724.6/108
 
预约/预借
| 序号 | 登录号 | 条形码 | 馆藏地/架位号 | 状态 | 备注 |
| 1 | 1153878 | 211538781 | 第一样本阅览室/ [索取号:F724.6/108] | 在馆 | |
| 2 | 1153879 | 211538790 | 第一借阅区/ [索取号:F724.6/108] | 在馆 | |
| 3 | 1153880 | 211538807 | 第一借阅区/ [索取号:F724.6/108] | 在馆 | |
| 4 | 1153881 | 211538816 | 第一借阅区/ [索取号:F724.6/108] | 在馆 | |
| 5 | 1153882 | 211538825 | 密集书库-海洋学院/ [索取号:F724.6/108] | 在馆 |